000 01615ctm a22002891a 4500
003 SA-RiAUC
005 20251214122854.0
007 co ug ---uuauu         
008 251207s1989 su fsbm 00000 ara c
040 _aSA-JeALM
_bara
_cSA-RiAUC
_erda
082 0 4 _a330.121
_qSA-RiAUC
090 _aر 330.121
_bج ر ف
100 1 _aالجرف، محمد مكي سعدو
245 1 0 _aإقتصاديات المشروع الخاص في الإقتصاد الاسلامي/
_cمحمد مكي سعدو الجرف ؛ إشراف عبد الوهاب أبو سليمان ، علي حافظ منصور .
_h[ملف كمبيوتر] /
260 _c1989
264 _aمكة المكرمة :
_bجامعة أم القرى .
_c1987
300 _a369 ورقه .
_c30 سم .
500 _aأطروحة (دكتوراه)-جامعة ام القرى، كلية الشريعة والدراسات الإسلامية، قسم الدراسات العليا، فرع الفقه والأصول، 1989.
502 _aأطروحة (دكتوراه)-جامعة ام القرى، كلية الشريعة والدراسات الإسلامية، قسم الدراسات العليا، فرع الفقه والأصول، 1989.
504 _aيشتمل على إرجاعات ببليوجرافية.
530 _aمتاحة نسخة على شكل مطبوع.
650 7 _aالاقتصاد الإسلامي
_2aucsh
700 _aابو سليمان، عبدالوهاب ابراهيم
_eمشرف .
700 _aمنصور، علي حافظ
_eمشرف .
942 _2ddc
_cTHESES
_n0
949 _aSA-JeALM
_d251207
_uosman123
_n1
999 _c13512
_d13512